000
00361nam a2200145 a 4500
005
20140412111313.0
008
060116s19uu xx 00 eng d
050
_a
ER
_b
So1 1996
245
_a
The Sorcerer's Apprentice.
260
_a
U.K :
_b
Walt Disney,
_c
1996.
300
_a
43 p. ; ill.
440
_a
Disney
650
_a
Children stories
999
_c
104114
_d
104114